La nueva capital /

Guardado en:
Autor Principal: Roulet, Elva
Formato: Libro
Publicado: [la Plata] : Dirección de Servicios Generales del Ministerio de la Provincia de Buenos Aires, 1987
Materias:
Etiquetas: Agregar Etiqueta
Sin Etiquetas, Sea el primero en etiquetar este registro!
LEADER 00708nam a22001935a 4500
001 EHU.bham045202
003 AR-BHAM
005 20180528133248.0
008 130507s1987##################000#0#####d
082 3 2 |a 320.982 
100 1 |a Roulet, Elva 
245 1 0 |a La nueva capital /  |c Elva Roulet 
260 |a [la Plata] :  |b Dirección de Servicios Generales del Ministerio de la Provincia de Buenos Aires,  |c 1987 
300 |a 144 p. 
500 |a Edición de la Presidencia del Honorable Senado de Buenos Aires 
653 |a Historia argentina-capital federal 
653 |a Política argentina contemporánea 
653 |a Viedma-río negro-historia de 
859 |a AR-BHAM  |b BIB. HUMANIDADES - General  |h 320.982  |i R758-2  |p 120.18  |t Ej.1